MICROEMPRESA MANUFACTURERA, SECTOR INFORMAL URBANO Y SUBEMPLEO EN GUAYAQUIL (Registro nro. 219959)
[ vista simple ]
| 000 -LEADER | |
|---|---|
| campo de control de longitud fija | 00738nam a2200241Ia 4500 |
| 005 - FECHA Y HORA DE LA ÚLTIMA TRANSACCIÓN | |
| campo de control | 20250425161956.0 |
| 008 - DATOS DE LONGITUD FIJA--INFORMACIÓN GENERAL | |
| campo de control de longitud fija | 250425s9999 xx 000 0 und d |
| 041 ## - CÓDIGO DE IDIOMA | |
| Código de lengua del texto/banda sonora o título independiente | spa |
| 043 ## - CÓDIGO DE ÁREA GEOGRÁFICA | |
| Código de área geográfica | ec |
| 082 ## - NÚMERO DE LA CLASIFICACIÓN DECIMAL DEWEY | |
| Número de clasificación | 331.137 |
| 010 ## - NÚMERO DE CONTROL DE LA BIBLIOTECA DEL CONGRESO | |
| Número de control de LC | 38307 |
| 100 ## - ENTRADA PRINCIPAL--NOMBRE DE PERSONA | |
| Nombre de persona | UNIVERSIDAD CATOLICA DE, SANTIAGO DE GUAYAQUIL |
| 245 #0 - MENCIÓN DEL TÍTULO | |
| Título | MICROEMPRESA MANUFACTURERA, SECTOR INFORMAL URBANO Y SUBEMPLEO EN GUAYAQUIL |
| 250 ## - MENCION DE EDICION | |
| Mención de edición | 1A ED. |
| 260 ## - PUBLICACIÓN, DISTRIBUCIÓN, ETC. | |
| Lugar de publicación, distribución, etc. | Ecuador |
| Nombre del editor, distribuidor, etc. | UNIVERSIDAD CATOLICA DE SANTIAGO DE GUAYAQUIL |
| Fecha de publicación, distribución, etc. | 1989 |
| 260 ## - PUBLICACIÓN, DISTRIBUCIÓN, ETC. | |
| Lugar de publicación, distribución, etc. | GUAYAQUIL |
| Nombre del editor, distribuidor, etc. | CENTRO DE PUBLICACIONES DE LA UNIVERSIDAD CATOLICA |
| 300 ## - DESCRIPCIÓN FÍSICA | |
| Extensión | 220 |
| 650 ## - PUNTO DE ACCESO ADICIONAL DE MATERIA--TÉRMINO DE MATERIA | |
| Término de materia o nombre geográfico como elemento de entrada | MERCADO |
| 650 ## - PUNTO DE ACCESO ADICIONAL DE MATERIA--TÉRMINO DE MATERIA | |
| Término de materia o nombre geográfico como elemento de entrada | MICROEMPRESA |
| 650 ## - PUNTO DE ACCESO ADICIONAL DE MATERIA--TÉRMINO DE MATERIA | |
| Término de materia o nombre geográfico como elemento de entrada | SUBEMPLEO |
| 710 ## - ENTRADA AGREGADA--NOMBRE DE ENTIDAD CORPORATIVA | |
| Nombre de entidad corporativa o nombre de jurisdicción como elemento de entrada | UNIVERSIDAD CATÒLICA DE SANTIAGO DE GUAYAQUIL |
| 942 ## - ELEMENTOS DE ENTRADA SECUNDARIOS (KOHA) | |
| Tipo de ítem Koha | Libros |
| Estatus retirado | Estado de pérdida | Estado de daño | No para préstamo | Biblioteca de origen | Biblioteca actual | Ubicación en estantería | Fecha de adquisición | Coste, precio normal de compra | Total de préstamos | Código de barras | Copia número | Nota pública |
|---|---|---|---|---|---|---|---|---|---|---|---|---|
| ESCUELA DE NEGOCIOS | ESCUELA DE NEGOCIOS | 31/03/2008 | 10.00 | D-P 09722 | 2 | DONADO |